000 01063nam1a2200265 i 4500
001 RU\NLR\BIBL_A\010768321
005 20241103102440.0
035 _a(NLR Aleph) 010768321
090 _a10010239
_c10010239
100 _a20141208d2014 km y0rusy50 ca
101 0 _arus
102 _aRU
105 _a||||z||||||||
200 1 _aИзбранные труды
_eв 4 т.
_fБарлыбаев Х.А.
_g[гл. ред. В.Б. Дерновой]
_gИн-т философии Рос. академии наук
210 _aМосква
_cНаучная библиотека
_d2014
215 _d23
300 _aВ аннот. авт.: д.филос.н., д.э.н., проф. Х.А. Барлыбаев
606 _aОбщественные науки
_91112139
_3RU\NLR\AUTH\66119728
686 1 _aС.я44
700 1 _aБарлыбаев
_bХ.А.
_f1944-
_gХалиль Абубакирович
702 1 _aДерновой
_bВ.Б.
_4340
852 _aNLR
_j2014-5/9369
942 _cBOOK